Die 256 besten "One Hit Wonder" - Statistiken

Allgemein
  • Dieses Quiz wurde 69 mal gespielt
  • Das Durchschnittsergebnis liegt bei 51 aus 256
Antwortstatistiken
Jahr 🚩 Song Name % Korrekt
1967 🇩🇪 🎶 Monja Roland W.
100%
1976 🇺🇸 🎶 A Fifth of Beethoven Walter Murphy | The Big Apple Band
100%
1979 🇬🇧 🎶 Pop Muzik M | Robin Scott
85%
1999 🇩🇪 🎶 Mambo No. 5 Lou Bega
73%
1986 🇸🇪 🎶 The Final Countdown Europe
68%
2012 🇰🇷 🎶 Gangnam Style Psy
66%
1988 🇬🇧 🎶 There She Goes The La's
66%
1995 🇩🇪 🎶 Lemon Tree Fools Garden
61%
1997 🇩🇰 🇳🇴 🎶 Barbie Girl Aqua
60%
2002 🇪🇸 🎶 The Ketchup Song Las Ketchup
60%
1990 🇮🇪 🎶 Nothing Compares 2 U Sinéad O'Connor
56%
2017 PRI 🎶 Despacito Luis Fonsi | Daddy Yankee
53%
1982 🇩🇪 🎶 Major Tom (völlig losgelöst) Peter Schilling
53%
2012 🇬🇧 🎶 Let Her Go Passenger
52%
2011 🇧🇪 🌏 🎶 Somebody That I Used to Know Gotye
50%
1996 🇪🇸 🎶 Macarena Los del Rio
50%
1985 🇦🇹 🎶 Live is Life Opus
48%
1993 🇺🇸 🎶 What's Up? 4 Non Blondes
47%
2013 🇮🇪 🎶 Take Me to Church Hozier
47%
1961 🇺🇸 🎶 Stand By Me Ben E. King
45%
1972 🇫🇷 🇺🇸 🎶 Dancing in the Moonlight King Harvest
45%
1998 🇩🇪 🎶 Narcotic Liquido
45%
2004 🇲🇩 🎶 Dragostea din tei O-Zone
45%
1982 🇺🇸 🎶 It's Raining Men The Weather Girls
45%
1975 🇺🇸 🎶 The Hustle Van McCoy
45%
2012 🇯🇲 🎶 Cheerleader Omi
44%
1977 🇺🇸 🎶 Black Betty Ram Jam
42%
1981 🇬🇧 🎶 Tainted Love Soft Cell
42%
1996 🇮🇹 🇬🇧 🎶 Time to Say Goodbye (con te partiro) Andrea Bocelli | Sarah Brightman
40%
1986 🇬🇧 🍁 🎶 (I just) Died in Your Arms Cutting Crew
40%
2013 🇩🇪 🎶 Stolen Dance Milky Chance
40%
2002 🇷🇺 🎶 All The Things She Said t. A. T. u.
40%
2000 🇺🇸 🎶 Teenage Dirtbag Wheatus
40%
2001 🇺🇸 🎶 Smooth Criminal Alien Ant Farm
39%
2015 🇺🇸 🎶 Ex's & Oh's Elle King
39%
1997 🌏 🇬🇧 🎶 Torn Natalie Imbruglia
39%
2012 🇸🇪 🎶 I Love It Icona Pop | Charli XCX
37%
1997 🇸🇪 🎶 Save Tonight Eagle - Eye Cherry
35%
1998 🇸🇪 🎶 Big Big World Emilia
35%
1994 🇯🇲 🎶 Here Comes the Hotstepper Ini Kamoze
35%
1994 🍁 🎶 Mmm Mmm Mmm Mmm Crash Test Dummies
34%
2000 🇺🇸 🎶 Butterfly Crazy Town
34%
2011 🇺🇸 🎶 We Are Young Fun | Janelle Monae
34%
1987 🌏 AUS 🎶 You're The Voice John Farnham
34%
1988 🇺🇸 🎶 She's Like the Wind Patrick Swayze | Wendy Fraser
34%
1968 🇬🇧 🎶 Fire The Crazy World of Arthur Brown
34%
1987 🇺🇸 🎶 (I've Had) The Time of My Life Bill Medley | Jennifer Warnes
32%
2005 🍁 🎶 Bad Day Daniel Powter
32%
1976 🇬🇧 🎶 Jeans On David Dundas
32%
2009 🇮🇸 🎶 Jungle Drum Emiliana Torrini
32%
1982 🇫🇷 🇹🇳 🎶 Words F. R. David
32%
1981 🇺🇸 🎶 Bette Davis Eyes Kim Carnes
32%
2006 🇸🇪 🎶 Young Folks Peter Bjorn | John
32%
1997 🇺🇸 🎶 Tubthumping Chumbawamba
31%
1982 🇬🇧 🎶 Come On Eileen Dexys Midnight Runners
31%
1982 🇺🇸 🎶 I Love Rock 'n' Roll Joan Jett | The Blackhearts
31%
1983 🇺🇸 🎶 Maniac Michael Sembello
31%
1970 🇬🇧 🎶 In the Summertime Mungo Jerry
31%
1993 🍁 🎶 Informer Snow
31%
1986 🇺🇸 🎶 Take My Breath Away Berlin
29%
1994 🇺🇸 🎶 Baby, I Love Your Way Big Mountain
29%
1992 🇺🇸 🎶 Would I Lie to You Charles & Eddie
29%
1985 🇬🇧 🎶 19 Paul Hardcastle
29%
1999 🇺🇸 🎶 All Star Smash Mouth
29%
1996 🇺🇸 🎶 Breakfast at Tiffany's Deep Blue Something
27%
2008 🇺🇸 🎶 American Boy Estelle Swaray | Kanye West
27%
1985 🇩🇪 🎶 Axel F Harold Faltermeyer
27%
1992 🇺🇸 🎶 To Be With You Mr. Big
27%
1993 🇺🇸 🎶 2 Princes Spin Doctors
27%
1974 🍁 🎶 Seasons in the Sun Terry Jacks
27%
2002 🇺🇸 🎶 A Thousand Miles Vanessa Carlton
27%
2010 🌏 AUS 🎶 We No Speak Americano Yolanda Be Cool | DCUP
27%
2011 🇬🇧 🎶 Too Close Alex Clare
26%
1993 🇮🇹 🎶 The Rhythm of the Night Corona
26%
2010 🇺🇸 🍁 🎶 Barbra Streisand Duck Sauce
26%
2006 🇺🇸 🎶 Crazy Gnarls Barkley
26%
1967 🇺🇸 🎶 San Francisco Scott McKenzie
26%
1994 🇩🇰 🎶 Saturday Night Whigfield
26%
1978 🇬🇧 🎶 Baker Street Gerry Rafferty
24%
2004 🇺🇸 🎶 The Reason Hoobastank
24%
1983 🇬🇧 🎶 Too Shy Kajagoogoo
24%
1980 🇺🇸 🎶 Funkytown Lipps, Inc.
24%
2013 🇳🇴 🎶 Am I Wrong Nico & Vinz
24%
1994 🇺🇸 🎶 Black Hole Sun Soundgarden
24%
1979 🇮🇪 🎶 I Don't Like Monday The Boomtown Rats
24%
1979 🇬🇧 🎶 Video Killed The Radio Star The Buggles
24%
2001 🇺🇸 🎶 Because I Got High Afroman
23%
1988 🇺🇸 🎶 Don't Worry, Be Happy! Bobby McFerrin
23%
2012 🇺🇸 🎶 Safe & Sound Capital Cities
23%
1989 🇫🇷 🇧🇷 🎶 Lambada Kaoma
23%
1992 🇺🇸 🎶 Jump Kris Kross
23%
1984 🇬🇧 🎶 One Night in Bangkok Murray Head
23%
1979 🇫🇷 🎶 Born To Be Alive Patrick Hernandez
23%
1979 🇺🇸 🎶 Rapper's Delight The Sugarhill Gang
23%
1999 🇬🇧 🎶 2 Times Ann Lee
21%
1997 🇩🇪 🎶 Samba de Janeiro Bellini
21%
1972 🇺🇸 🎶 Me & Mrs. Jones Billy Paul
21%
2003 🇩🇪 🎶 Ab in den Süden Buddy
21%
1992 🇺🇸 🎶 Jump Around House of Pain
21%
1985 🇬🇧 🇺🇸 🎶 Walking On Sunshine Katrina | The Waves
21%
1983 🍁 🎶 The Safety Dance Men Without Hats
21%
1988 🇬🇧 🎶 Twist In My Sobriety Tanita Tikaram
21%
1969 🇺🇸 🎶 In the Year 2525 Zager | Evans
21%
2013 🇺🇸 🎶 Say Something A Great Big World | Christina Aguilera
19%
1974 🇯🇲 🎶 Kung Fu Fighting Carl Douglas
19%
1987 🇫🇷 🎶 Voyage, Voyage Desireless
19%
1984 🇺🇸 🎶 High Energy Evelyn Thomas
19%
2013 🍁 🎶 Rude MAGIC!
19%
1994 🇮🇹 🎶 Eins, Zwei, Polizei Mo - Do
19%
1969 🇳🇱 🎶 Venus Shocking Blue
19%
1979 🇺🇸 🎶 Ring My Bell Anita Ward
18%
2000 🇧🇸 🎶 Who Let The Dogs Out Baha Men
18%
1974 🇸🇪 🎶 Hooked On A Feelin Blue Swede
18%
1984 🇬🇧 🎶 You Spin Me Round Dead or Alive
18%
1985 🇺🇸 🎶 Party All The Time Eddie Murphy
18%
1975 🇺🇸 🎶 All By Myself Eric Carmen
18%
1981 🇨🇭 🎶 Eisbär Grauzone
18%
1972 🇺🇸 🎶 Popcorn Hot Butter
18%
2009 🇬🇧 🎶 Bulletproof La Roux
18%
1997 🇺🇸 🎶 Bitch Meredith Brooks
18%
1969 🇺🇸 🎶 Spirit in the Sky Norman Greenbaum
18%
1993 🇺🇸 🎶 Runaway Train Soul Asylum
18%
1969 🇺🇸 🎶 Sugar, Sugar The Archies
18%
2000 🇫🇯 🍁 🎶 Summer Jam The Underdog Project
18%
1989 🍁 🎶 Black Velvet Alannah Myles
16%
2014 🇫🇷 🎶 Prayer in C Lilly Wood | The Prick
16%
1982 🏴󠁧󠁢󠁳󠁣󠁴󠁿 🎶 Reality Richard Sanderson
16%
1984 🇺🇸 🎶 Somebody's Watching Me Rockwell
16%
1992 🇺🇸 🎶 Baby Got Back Sir Mix-a-lot
16%
1979 🇺🇸 🎶 My Sharona The Knack
16%
1982 🇬🇧 🎶 She Blinded Me With Science Thomas Dolby
16%
2011 🇺🇸 🎶 Sail Awolnation
15%
1987 🇩🇪 🎶 Ich liebe dich Clowns & Helden
15%
1995 🇺🇸 🎶 One Of Us Joan Osborne
15%
1981 🇺🇸 🎶 Shaddap You Face Joe Dolce
15%
1996 🇬🇧 🎶 Return of the Mack Mark Morrison
15%
1967 🇿🇦 🎶 Pata Pata Miriam Makeba | Mama Africa
15%
1988 🇮🇱 🎶 Im Nin' alu Ofra Haza
15%
1995 🇳🇿 🎶 How Bizarre OMC
15%
1967 🇬🇧 🎶 Nights in White Satin The Moody Blues
15%
2013 🇳🇴 🎶 The Fox Ylvis
15%
1979 🇺🇸 🎶 Knock on Wood Amii Stewart
13%
1967 🍁 🇺🇸 🎶 For What It's Worth Buffalo Springfield
13%
2009 🇷🇴 🇲🇩 🎶 Stereo Love Edward Maya | Vika Jigulina
13%
1982 🇩🇪 🎶 Ein Jahr (Es geht voran) Fehlfarben
13%
1970 🇬🇧 🎶 All Right Now Free
13%
1974 🇺🇸 🎶 Cat's in the Cradle Harry Chapin
13%
1991 🇺🇸 🎶 Summer Dreamin' (Bacardi Feeling) Kate Yanai
13%
1983 🇩🇪 🎶 Die Sennerin vom Königssee Kiz
13%
1970 🇺🇸 🎶 (I was born under a) Wand' rin' star Lee Marvin
13%
1995 🇺🇸 🎶 I Got 5 On It Luniz
13%
2004 🇺🇸 🎶 I Don't Wanna Know Mario Winans | P. Diddy | Enya
13%
1993 🇺🇸 🎶 I Like to Move it Real 2 Real
13%
1982 🇳🇱 🎶 Puttin' on the Ritz Taco Ockerse
13%
1999 🍁 🎶 She's So High Tal Bachman
13%
2001 🇺🇸 🎶 Wherever You Will Go The Calling
13%
1995 🏴󠁧󠁢󠁳󠁣󠁴󠁿 🎶 A Girl Like You Edwyn Collins
11%
1994 🇬🇧 🎶 Missing Everything but the Girl
11%
1983 🇩🇪 🎶 Der Knutschfleck Ixi
11%
1998 🇺🇸 🎶 Crush Jennifer Paige
11%
1998 🇺🇸 🎶 Doo Wop (That Thing) Lauryn Hill
11%
1999 🍁 🎶 Steal My Sunshine Len
11%
1962 🇺🇸 🎶 The Loco-Motion Little Eva
11%
1971 🇪🇸 🎶 Mamy Blue Pop Tops
11%
1995 🇩🇪 🎶 Shut Up (& Sleep with me) Sin with Sebastian
11%
1983 🇬🇧 🎶 Only You The Flying Pickets
11%
1982 🇺🇸 🎶 Mickey Toni Basil
11%
1977 🇩🇪 🎶 Tanze Samba mit mir Tony Holiday
11%
1955 🇺🇸 🎶 Blue Suede Shoes Carl Perkins
10%
1990 🇺🇸 🎶 Groove is in The Heart Deee-Lite
10%
1972 🇺🇸 🎶 Sylvia's Mother Dr. Hook | The Medicine Show
10%
1970 🇺🇸 🎶 War Edwin Starr
10%
1999 🇺🇸 🎶 What It's Like Everlast
10%
1986 🇺🇸 🎶 The Rain Oran Jones | Juice
10%
1979 🇺🇸 🇬🇧 🎶 Escape (The Pina Colada Song) Rupert Holmes
10%
1979 🇬🇧 🎶 Driver's Seat Sniff 'n' the Tears
10%
1973 🇬🇧 🎶 Stuck in the Middle with You Stealers Wheel
10%
1963 🇺🇸 🎶 Be My Baby The Ronettes
10%
1978 🇺🇸 🎶 Werewolves of London Warren Zevon
10%
1971 🇬🇧 🎶 Hiroshima Wishful Thinking
10%
1993 🇺🇸 🎶 No Rain Blind Melon
8%
1991 🇬🇧 🎶 The One & Only Chesney Hawkes
8%
1959 🇺🇸 🎶 Take 5 Dave Brubeck Quartet
8%
1970 🇬🇧 🏴󠁧󠁢󠁷󠁬󠁳󠁿 🎶 I Hear You Knocking Dave Edmunds
8%
1996 🏴󠁧󠁢󠁷󠁬󠁳󠁿 🎶 I Love You Always Forever Donna Lewis
8%
1990 🇬🇧 🎶 Unbelievable EMF
8%
2003 🇩🇪 🎶 Hip Teens (Don't Wear Blue Jeans) Frank Popp Esemble
8%
1979 🇬🇧 🎶 Cars Gary Numan
8%
1971 🇺🇸 🎶 Theme from "Shaft" Isaac Hayes
8%
1987 🇬🇧 🎶 Pump Up The Volume Marrs
8%
2004 🇺🇸 🎶 Move Ya Body Nina Sky
8%
2005 🇺🇸 🎶 California Phantom Planet
8%
1993 🇺🇸 🎶 Whoomp! (There it is) Tag Team
8%
1997 🇬🇧 🎶 Your Woman White Town
8%
1976 🇺🇸 🎶 Play That Funky Music Wild Cherry
8%
1974 🇬🇧 🎶 How Long Ace
6%
1975 🇮🇹 🎶 Tornero I Santo California
6%
1969 🇬🇧 🎶 Streets of London Ralph McTell
6%
1988 🇺🇸 🎶 Teardrops Womack & Womack
6%
1962 🇺🇸 🎶 Green Onions Booker T. | The M.G.'s
5%
1970 🇬🇧 🎶 Love Grows ( Where My Rosemary Goes) Edison Lighthouse
5%
1978 🇺🇸 🎶 Kiss You All Over Exile
5%
1972 🇺🇸 🎶 Brandy (You're a Fine Girl) Looking Glass
5%
2003 🇺🇸, PRI 🎶 Never Leave You Lumidee | Busta Rhymes | Fabolous
5%
1978 🇬🇧 🎶 Dancing In The City Marshall Hain
5%
1982 🇬🇧 🎶 Pass the Dutchie Musical Youth
5%
2000 🇮🇹 🎶 Groovejet (If This Ain't Love) Spiller
5%
1991 🇳🇱 🎶 You Ten Sharp
5%
2003 🇺🇸 🎶 The Boys of Summer The Ataris
5%
1962 🇺🇸 🎶 Do You Love Me The Contours
5%
1983 🇺🇸 🎶 Passion The Flirts
5%
1963 🇺🇸 🎶 Louie, Louie The Kingsmen
5%
1977 🇺🇸 🎶 Don't Leave Me This Way Thelma Houston
5%
1970 🇩🇪 🎶 The Witch The Rattles
5%
1963 🇺🇸 🎶 Wipe Out The Surfaris
5%
1983 🍁 🎶 Living On Video Trans - X | Pascal Languirand
5%
1968 🇺🇸 🎶 Honey Bobby Goldsboro
3%
1962 🇺🇸 🎶 Hey Baby Bruce Channel
3%
1991 🇺🇸 🎶 Gypsy Woman (La Da Dee...) Crystal Waters
3%
1964 🇯🇲 🎶 My Boy Lollipop Millie Small
3%
1986 🇺🇸 🎶 I Can't Wait Nu Shooz
3%
1977 🇺🇸 🎶 Baby Come Back Player
3%
1980 🇸🇪 🎶 10 o'clock postman Secret Service
3%
1969 🇺🇸 🎶 Na Na Hey Hey Kiss Him Goodbye Steam
3%
1977 🇦🇹 🎶 Lovemachine Supermax | Kurt Hauenstein
3%
1970 🇺🇸 🎶 O-o-h child The Fire Stairsteps
3%
1969 🇬🇧 🎶 Something in the Air Thunderclap Newman
3%
1978 🇺🇸 🎶 Love the Nightlife (Disco Round) Alicia Bridges
2%
1977 🇺🇸 🎶 You Light Up My Life Debby Boone
2%
1990 🌏 AUS 🎶 I Touch Myself Divinyls
2%
1973 🇺🇸 🎶 Drift Away Dobie Gray
2%
1996 🇩🇪 🎶 Why Don't You Dance With Me Future Breeze
2%
1983 🇺🇸 🎶 Last Night a DJ Saved My Life Indeep
2%
1971 🇺🇸 🎶 Mr. Big Stuff Jean Knight
2%
1970 🇺🇸 🎶 Mississippi Queen Mountain
2%
1963 🇺🇸 🎶 Denise Randy | The Rainbows
2%
1986 🇺🇸 🎶 C'est la vie Robbie Nevil
2%
2000 🇮🇪 🎶 Gotta Tell You Samantha Mumba
2%
1996 🇬🇧 🎶 In the Meantime Spacehog
2%
1976 🇺🇸 🎶 Afternoon Delight Starland Vocal Band
2%
1973 🇺🇸 🎶 Brother Louie Stories
2%
2005 🇬🇧 🎶 Hounds of Love The Futureheads
2%
1970 🇺🇸 🎶 Vehicle The Ides of March
2%
1962 🇬🇧 🎶 Telstar The Tornados
2%
1981 🇺🇸 🎶 867 - 5309 /Jenny Tommy Tutone
2%
1977 🇺🇸 🎶 If I Can't Have You Yvonne Elliman
2%
1960 🇺🇸 🎶 Money (That's What I Want) Barrett Strong
0%
1978 🇺🇸 🎶 Got To Be Real Cheryl Lynn
0%
2001 🇺🇸 🎶 Dance With Me Debelah Morgan
0%
1981 🇺🇸 🎶 Believe It Or Not (The Greatest American Hero Theme) Joey Scarbury
0%
1989 🇺🇸 🎶 Don't Close Your Eyes Kix
0%
1985 🇺🇸 🎶 Oh Sheila Ready For The World
0%
1966 🇺🇸 🎶 Snoopy vs. The Red Baron Royal Guardsmen
0%
1997 🇩🇪 🇺🇸 🎶 Everything's Gonna Be Alright Sweetbox
0%
1979 🇬🇧 🎶 Money (That's What I Want) The Flying Lizards
0%
1980 🇩🇪 🎶 Train to an Island Topas
0%
Keine übereinstimmenden Quizze gefunden
Verteilung der Resultate
Anzahl Personen mit jedem Resultat
Perzentil nach korrekt beantworteten Fragen
Ihre Resultats-Entwicklung
Sie haben dieses Quiz noch nicht gespielt